| 000 | 00707nam a2200193 a 4500 | ||
|---|---|---|---|
| 003 | 0 | ||
| 005 | 20250227145437.0 | ||
| 008 | 100824s19uu xx 00 eng d | ||
| 050 |
_aPGS HQ 784.P4 _b.M478 2010 |
||
| 100 | _aMc Namara, Charles Britain. | ||
| 245 |
_aPet responsibility among grade school students / _cCharles Britain Mc Namara. |
||
| 260 |
_aLas PiƱas City, Philippines : _bSouthville International School and Colleges, _c2010. |
||
| 300 |
_a16 pages : _billustrations ; _c28 cm. |
||
| 504 | _aIncludes bibliographical references. | ||
| 650 | _aChildren and pets. | ||
| 650 |
_aPet ownership _vGender differences. |
||
| 650 |
_aResponsibility in children _vPet care. |
||
| 942 |
_2lcc _cPASS |
||
| 999 |
_c98379 _d98379 |
||